[Event "EU-ch 13th"]
[Site "Plovdiv"]
[Date "2012.03.30"]
[Round "10"]
[White "Kuzubov, Yuriy"]
[Black "Azarov, Sergei Nikolaevich"]
[Result "0-1"]
[WhiteElo "2615"]
[BlackElo "2667"]
[Annotator "Likavsky,T"]
[PlyCount "104"]
[EventDate "2012.03.20"]
[EventType "swiss"]
[EventRounds "11"]
[EventCountry "BUL"]
[SourceTitle "CBM 148"]
[Source "ChessBase"]
[SourceDate "2012.05.16"]
[SourceVersion "1"]
[SourceVersionDate "2012.05.16"]
[SourceQuality "1"]

1. d4 d5 2. c4 e6 3. Nc3 Be7 {A very popular line these days.} ({Black avoids} 
3... Nf6 4. cxd5 exd5 5. Bg5 {[%csl Yg5][%cal Yg5d8]}) 4. cxd5 exd5 {[%cal
Rc1g5,Ge7g5] , which is impossible now.} 5. Bf4 Nf6 ({Also logical is} 5... c6
{[%cal Ge7d6,Gc8f5,Gg8e7] , but White has scored well in the last top level
games:} 6. Qc2 Nf6 (6... Bd6 7. Bxd6 Qxd6 8. e3 Qg6 9. Qxg6 hxg6 10. b4 a6 11.
f3 Nd7 12. Bd3 Ne7 13. Nge2 g5 14. Kf2 Nf6 15. g4 Kd8 16. Kg3 Bd7 17. a4 Nc8
18. h3 Re8 19. Kf2 Nd6 20. a5 Re7 21. Rac1 Nfe8 22. Ng3 g6 23. h4 gxh4 24. Rxh4
f5 25. gxf5 Nxf5 26. Nxf5 gxf5 27. Rh8 Rb8 28. Na4 Kc7 29. Nb6 Be6 30. Rf8 Rf7
31. Rxf7+ Bxf7 32. Bxf5 {1-0 Nakamura,H (2774)-Ponomariov,R (2754)/Saint Louis
2011/CBM 143 (44)}) 7. h3 g6 8. e3 Bf5 9. Qd2 h5 10. Bd3 Bxd3 11. Qxd3 Nbd7 12.
Nge2 a5 13. O-O O-O 14. f3 b5 15. e4 dxe4 16. fxe4 Nc5 17. Qf3 Ne6 18. Be3 b4
19. Nb1 Nh7 20. Nd2 Rc8 21. Rad1 Bh4 22. g3 Bf6 23. Nc4 Bg7 24. b3 Qe7 25. Qg2
Nc7 26. Nxa5 Rfe8 27. e5 Nd5 28. Bd2 Red8 29. Nf4 Qa7 30. Nxc6 {1-0 Carlsen,M 
(2835)-Aronian,L (2805)/Wijk aan Zee 2012/CB04_2012 (43)}) 6. e3 Bf5 7. Nge2 ({
Sergei had to solve more problems in this his recent game:} 7. Qb3 Nc6 8. g4
Bxg4 ({Black probably has more chances if he "gets on the crazy train" after:} 
8... Nxg4 9. Qxd5 Qc8 10. Qg2 O-O 11. e4 Bxe4 12. Nxe4 Bb4+ 13. Nc3 Qf5 14. Be2
Rfe8 15. Kf1 Nf6 16. Bh6 g6 17. Qg5 Nxd4 18. Rd1 Bxc3 19. bxc3 Ne4 20. Qxf5
Nxf5 21. Bd2 Rad8 22. Be1 {1-0 Aronian,L (2808)-Kramnik,V (2785)/Monte Carlo
2011/CBM 142 (39)}) 9. Qxb7 Bd7 10. Bxc7 Qc8 11. Ba6 Nb4 12. Qxc8+ Bxc8 13.
Bb5+ Bd7 14. Kf1 Rc8 15. Bxd7+ Kxd7 16. Be5 Ne4 17. Nge2 f6 18. Bg3 h5 19. h4
Nd3 20. Kg2 Ke6 21. Rab1 g5 22. Rhd1 Nxb2 23. Nxe4 Nxd1 24. Nc5+ Bxc5 25. dxc5
gxh4 26. Bd6 {1-0 Fridman,D (2660)-Azarov,S (2667)/Jurmala 2012/CB07_2012 (34)}
) 7... O-O 8. Ng3 Be6 {[%csl Rg3][%cal Gc7c5,Yb8c6,Yd5d4,Rg3d4][%mdl 32] You
can wonder why for heaven's sake Black plays at first Bf5 and then (after Ng3
with tempo) draws back the B on to a passive position - e6. The explanation is
simple. The Ng3 doesn't cover the d4-square and Black's plan is to break
through the centre and equalise.} ({Of course not} 8... Bg6 $2 {just asking
for an attack on the black king.} 9. h4 $40 h6 10. Bd3 $5 Bxd3 11. Qxd3 {
[%cal Gg3f5,Ge1c1,Gg2g4]}) 9. Be2 ({A much more popular try is to develop the
B on to a more active position} 9. Bd3 $1 {, which allows White (among other
options) sometimes to block the centre - in the event of d5-d4 to answer e3-e4
like here:} c5 10. dxc5 Bxc5 11. O-O Nc6 12. Nb5 (12. Rc1 {also looks
promising for White. He was better in these two recent games.} d4 (12... Bb6
13. Na4 h6 14. Ne2 Ne4 15. h3 Re8 16. a3 Rc8 17. b4 $14 {0-1 Volkov,S (2633)
-Kornev,A (2530)/Moscow 2012/CB05_2012 (43)}) 13. Nce4 Be7 14. Nf5 ({We aslo
already saw} 14. Nxf6+ Bxf6 15. e4 (15. Ne4 $5)) 14... Bxf5 15. Nxf6+ Bxf6 16.
Bxf5 Re8 17. Qb3 dxe3 18. Bxe3 Nd4 19. Bxd4 Bxd4 20. Rcd1 g6 (20... Qb6 21.
Bxh7+ Kxh7 22. Qd3+) 21. Qa4 gxf5 22. Rxd4 $14 {1/2 Polak,T (2535)-Prusikin,M 
(2545)/Austria 2012/CB16_2012 (38)}) 12... Bb6 13. Rc1 d4 14. e4 $5 {[%csl Rb6,
Yd3,Rd4]} Ng4 15. Nf5 Nge5 16. Nbd6 Rb8 17. Bb5 $14 {1-0 Rapport,R (2543)
-Gustafsson,J (2643)/Caleta 2012/CB05_2012 (47)}) 9... c5 $1 10. dxc5 Bxc5 11.
O-O Nc6 12. Rc1 d4 $1 $11 {So Black has successfully realised his plan.
Chances are equal.} 13. Nce4 Bb6 ({Frankly speaking, I don't understand why not
} 13... Be7 $1 {which is standard in the position with the B on d3. On trying
to compare the two, but don't see any plus for this position - B on e2. Black
is pretty ok everywhere here below:} 14. Nxf6+ (14. Nc5 Bxc5 15. Rxc5 Nd5 $1
$11) (14. Ng5 $6 dxe3 15. Bxe3 Qxd1 16. Bxd1 Bxa2 $1) 14... Bxf6 15. e4 (15.
Ne4 dxe3) 15... Be5 {(the safest)} (15... Bxa2 $5) (15... g5 $5 16. Bd2 d3) 16.
Bxe5 Nxe5 17. f4 d3 $36) 14. Bg5 {Now White can damage Black's pawn structure.}
dxe3 15. Nxf6+ gxf6 16. Bxe3 {Well, may be Black wanted the resulting endgame
here. He is still ok.} Qxd1 17. Bxd1 (17. Rfxd1 Bxe3 18. fxe3 Bxa2 $11) 17...
Rfd8 ({Even now Black could perhaps try} 17... Bxa2 $5 $13 {I don't see a
clear way to catch the B.} 18. b3 Rfd8 19. Ne4 Kg7 20. Nc3 (20. Ra1 Nb4 21. Nc3
(21. Bd2 a5 (21... Bd4)) 21... Bxe3 22. fxe3 Rd2) 20... Bxe3 21. fxe3 Rd2 22.
Ne4 Rb2) 18. Ne4 Kg7 19. a3 Rac8 (19... Ne5 $5) 20. Nc5 $1 {Black has done
nothing and his opponent has slowly obtained an edge.} Bxc5 21. Rxc5 b6 22. Rc3
$14 {[%csl Yd1,Ye3,Rf6,Rf7,Rh7] ^^} Ne5 23. Rxc8 Rxc8 24. Re1 b5 25. h3 a5 26.
Be2 Bc4 27. Bd4 ({I would prefer to save the ^^.} 27. Bh5 $5 Nd3 28. Re2 $14) (
27. Rc1 $5 $14 Rd8 28. Bh5 (28. Rd1 $5 Rc8 29. Bxc4 (29. Kf1) 29... Nxc4 30.
Rd5)) 27... Nc6 28. Bg4 Be6 29. Bxe6 fxe6 30. Rc1 Kf7 31. Rc5 b4 32. a4 $1 {
[%csl Ra5]} e5 33. Be3 Ke6 {[%csl Ra5,Yc5,Rc8,Ye6,Rg1] Now it seems, that the
active black K can't fully compensate for the active white R. White now needs
just to activate his K...} 34. g4 {[%cal Gg1g2,Gg2f3,Gf3e4]} (34. Kh2 $5 {
[%cal Gh2g3,Gg3h4,Gh4h5,Gh5h6]}) 34... f5 $1 {[%cal Yc8g8]} 35. gxf5+ (35. f4
$5 fxg4 36. hxg4 exf4 37. Bxf4 Ne7 38. Re5+ Kd7 39. Rxa5 Rc2 40. b3 Rc3 41. Rh5
Rxb3 42. Rxh7 Ke6 $11 {[%csl Yb3,Rg1]}) 35... Kxf5 36. Kf1 Ke6 $2 ({It was
necessary to activate the strongest black piece!} 36... Ne7 $1 37. Rxc8 (37.
Rxa5 Rc2 {[%csl Yc2,Rf1]}) 37... Nxc8 38. Ke2 e4 {and though the situation of
Black is critical I don't see any deadly zugzwang, e.g.:} 39. Bd4 Ke6 40. b3
Kd5 41. Ke3 Ne7 42. Bb6 Nc6 43. Bc7 h6 $8 44. h4 h5 $8 45. Bb6 Ke5 46. Bc7+ Kd5
$11) 37. b3 $2 (37. Ke2 $1 Kd6 (37... e4 38. Kd2 {[%csl Ra5,Re4,Rh7][%cal
Yc5h5,Gd2c2,Gc2b3,Gb3c4,Gc4b5]}) 38. Kd3 $16 {[%cal Gd3e4,Gd3c4,Gc4b5] /+-})
37... Kd6 $11 {Black has released his rook after all.} 38. Rc4 (38. Ke2 Nd4+ $1
39. Bxd4 Rxc5 40. Bxc5+ Kxc5 $11) 38... Rg8 39. Rh4 Rg7 40. Ke2 Kd5 $1 {
[%csl Yd5]} 41. Kd3 Rf7 {At this moment Yuriy shuld realise that he has no
advantage any more and start to play for a draw. But that is not so easy to
admit...} 42. Rh6 $6 (42. Rh5 $11) 42... Nd4 $1 {What a nice trick!} 43. Rh5 (
43. Bxd4 $2 e4+ $1 44. Ke3 Rf3+ 45. Kd2 Kxd4 46. Rd6+ Ke5 $19 {[%csl Yb4,Rd2,
Ye4,Ye5,Yf3]}) 43... Ne6 $6 (43... Nxb3 $1 44. f4 Re7 {[%cal Gb3c5]} 45. fxe5
Rc7 $1 $15) 44. Kc2 $2 (44. Ke2 Nd4+ 45. Kd3 Nxb3) (44. h4 $1 {Was a must.} Rd7
(44... Rxf2 45. Bxf2 (45. Rxe5+ $5) 45... Nf4+ 46. Kd2 Nxh5 47. Bb6 $132) (
44... Rc7 $2 45. f4 Rc3+ 46. Kd2 Kd6 47. Rxe5 $18) 45. f4 (45. Rh6 $2 Rc7 46.
Rh5 Rf7 $22 (46... Rc3+ $5) 47. Rh6 Nd4) 45... Nxf4+ 46. Bxf4 Kc6+ 47. Ke3
exf4+ $11) {Now Black will try his luck and succeed in the end.} 44... Rc7+ (
44... Nf4 $1 45. Rh6 Rc7+ $17) 45. Kb2 Ke4 46. Bb6 Rf7 47. Bxa5 Rxf2+ 48. Kb1
Rf1+ 49. Kb2 Nf4 50. Rxh7 Nd3+ 51. Kc2 $4 (51. Ka2 $8 $15 {[%csl Ra2,Yd3,Ye4,
Ye5,Yf1]}) 51... Ke3 {[%cal Gf1c1]} 52. Bb6+ Ke2 0-1

[Event "Bundesliga 0506"]
[Site "Germany"]
[Date "2005.11.13"]
[Round "4.1"]
[White "Khenkin, Igor"]
[Black "Bacrot, Etienne"]
[Result "1/2-1/2"]
[WhiteElo "2603"]
[BlackElo "2725"]
[Annotator "Marin,M"]
[PlyCount "48"]
[EventDate "2005.10.21"]
[EventType "team-tourn"]
[EventRounds "15"]
[EventCountry "GER"]
[SourceTitle "CBM 110"]
[Source "ChessBase"]
[SourceDate "2006.01.31"]
[SourceVersion "1"]
[SourceVersionDate "2006.01.31"]
[SourceQuality "1"]
[WhiteTeam "Tegernsee"]
[BlackTeam "Baden-Baden"]
[WhiteTeamCountry "GER"]
[BlackTeamCountry "GER"]

1. d4 d5 2. c4 c6 3. Nf3 Nf6 4. Nc3 e6 5. Bg5 Nbd7 6. cxd5 exd5 7. e3 Be7 8.
Bd3 Ne4 {This early knight jump is possible in the Exchange Variation only in
case of this particular move order, of course.} 9. Bxe7 Qxe7 10. Bxe4 ({
To a certain extent, this looks less ambitious than} 10. Qc2 {. However, Black
was doing fine after the opening in the game 0-1 Nyback,T (2554)-Filippov,V 
(2621)/Moscow 2005/CBM 106/[Marin] (29)}) 10... dxe4 11. Nd2 Nf6 12. Qc2 Bf5
13. O-O O-O {In my comments for CBM 106 I wrote 'the e4-pawn is rather well
defended, giving Black some chances for active king side operations.' However,
we should take into account that White's queen side play recquires much less
effort and imagination (Rab1, b4-b5, etc.). Black should aim to keep balance
between attack and defence.} 14. Rab1 {Doubtlessly, the most natural move.
White prepares for his standard minority's attack immediately. However, other
moves have been tried in practice, too.} (14. Rfc1 {This move move was not
necessary yet, but it hardly is the cause for White's defeat.} Rfe8 15. Rab1 a5
(15... h5 16. b4 Rac8 $5) 16. Nc4 (16. a3 $1) 16... h5 17. Nb6 Ra6 18. Nba4 g6
19. Nc5 Ra7 20. Ne2 Nd5 21. a3 h4 22. Nb3 $2 (22. h3 $8) 22... Qg5 23. Kh1 h3
$40 {0-1 Sulzbach,S-Gustafsson,J/Berlin 1993/EXT 2002 (47)}) ({White gets
nothing by attacking the strongly defended e4-pawn:} 14. f3 Rae8 15. Rae1 Bg6
16. f4 Bf5 17. Na4 Rc8 (17... Nd5 $5) 18. a3 Rfd8 19. b4 b6 20. Rc1 Ng4 21.
Rfe1 h5 $132 {1-0 Book,E-Stoltz,G/Helsinki 1947/EXT 98 (46)}) (14. a3 {might
slow down White's attack under certain circumstances, but is playable, of
course.} Rad8 15. b4 Rfe8 16. Rfc1 Bg6 $6 (16... h5 $142) 17. Qb2 Ng4 18. h3
Nh6 19. b5 f5 20. bxc6 bxc6 21. Ne2 Rb8 22. Qc2 Rec8 23. Nc4 $14 {1-0 Langeweg,
K-Rellstab,L/Zevenaar 1961/MCD (57)}) 14... h5 {The starting signal to the
typical king side attack.} ({The followig blitz game highlights some
interesting ideas for Black:} 14... Rfe8 15. b4 a5 (15... Rac8) 16. b5 $6 (16.
bxa5 $1 Rxa5 17. Nc4 $36 {/\a4-a5}) 16... c5 $1 17. Nb3 cxd4 18. Nxd4 Bd7 19.
Qb3 Qe5 $36 {/\Ng4. The control of the e5-square is quite important for Black.}
20. h3 Qg5 21. Kh2 Qh4 22. Nd5 Ng4+ 23. Kg1 Ne5 24. Nf4 (24. Nc7 Bxh3 $1 $40)
24... Rad8 25. Rbc1 g5 $1 26. Nd5 g4 $40 {0-1 Polgar,Z (2560)-Ivanovic,B (2470)
/Moscow 1993/EXT 97 (33)}) 15. b4 a6 $146 {The main reason for this natural
move being a novelty is that there are not too many games available with this
whole variation.} ({However, I subjectively prefer the previously played} 15...
Rac8 {aiming to stop the queen side attack with the help of natural
development. This strategy is in accordance with the general recomendation of
refraining from pawn moves on the side where the opponent has an advantage.}
16. Rfc1 ({We know already that White should not allow his opponent to take
over the control of the e5-square after} 16. b5 c5 $1 17. Nb3 cxd4 18. Nxd4 Qe5
) 16... h4 17. h3 Nd5 (17... Rfe8 $5) {The game continuation is an obvious
concession:} 18. Nxd5 ({The tactical justification of Black's last move lies
in the variation} 18. Ncxe4 $2 Rfe8 19. f3 Nxe3 $17) ({Generally speaking, it
would be desirable for White to maintain the tension, but after} 18. Qb3 Rfd8 (
18... Nxc3 19. Qxc3 Be6 20. Qc5 $1) {the problem is that} 19. b5 $6 {still
doesn't work in view of} Qg5 20. Kh1 (20. Kh2 {allows the additional idea of}
Bxh3 $5 21. gxh3 Nxe3) 20... Nxc3 21. Rxc3 (21. Qxc3 cxb5) 21... c5 $1 $15 {
[%csl Yd2]}) 18... cxd5 19. Qb2 Be6 20. a3 Qg5 21. Kh1 f5 {Black is entirely
safe on the queen side and has an obvious plan on the other wing, 1/2-1/2
Doettling,F (2473)-Boensch,U (2558)/Germany 2001/CBM 082 ext (30)}) 16. Rfc1 h4
17. h3 Rad8 {I am not sure whether this most natural move is in accordance
with the concrete needs of the position.} (17... Rac8 {looks more appropriate.
Let us take for instance the variation played in the game:} 18. a4 Nh7 (18...
Nd5 $5) (18... Rfe8) 19. b5 axb5 20. axb5 {. Now, the thematic} c5 {is
entirely playable with a good position for Black.}) 18. a4 Nh7 19. Ne2 {
White plays cautiously. Before starting concrete action, he consolidates his
king side. Generally, this is a wise approach, but it sems that he could have
launched his attack already, for instance} (19. b5 $5 axb5 20. axb5 Ng5 ({
Unfortunately for Black,} 20... c5 {is not working now because of} 21. dxc5
Qxc5 22. Ndxe4 {and it is hard to take an advantage of the pin of the
e4-knight in any way, for instance} Qe7 23. Qa4 Ng5 24. Qb4 $1 {This line
suggets that Black could try to play 19...c5 without previously capturing on
b5, in order to avoid making the a4-square available to the queen. However,
this would leave him with undesired queen side weaknesses. The final
evaluation of 19.b5 possibly depends on the evaluation of this last position.})
21. bxc6 bxc6 22. Ne2 {White's king side is in safety, while the c6-pawn will
cause Black permanent problems in the future.} (22. Na4 Qe6 23. Qxc6 Bxh3 $5
$132)) 19... Ng5 20. Nf4 {But now, this is too slow already, allowing Black to
regroup.} (20. b5 $1) 20... Ne6 $1 21. Nxe6 Qxe6 22. Qd1 Rd5 23. Rc5 Qg6 24.
Kh1 Be6 {Black will soon transfer his bishop to d5, safely defending the e4-
and c6 pawns and preparing the standard plan f5-f4. His chances are not worse.}
(24... Be6 25. Qc2 f5 26. b5 axb5 27. axb5 Rxc5 28. Qxc5 Bd5 29. bxc6 bxc6 $132
) 1/2-1/2

[Event "RUS-ch sf 58th"]
[Site "Kazan"]
[Date "2005.09.05"]
[Round "3"]
[White "Kabanov, Nikolai"]
[Black "Kosyrev, Vladimir"]
[Result "1/2-1/2"]
[WhiteElo "2508"]
[BlackElo "2540"]
[Annotator "Marin,M"]
[PlyCount "46"]
[EventDate "2005.09.03"]
[EventType "swiss"]
[EventRounds "9"]
[EventCountry "RUS"]
[SourceTitle "CBM 109"]
[Source "ChessBase"]
[SourceDate "2005.11.14"]
[SourceVersion "1"]
[SourceVersionDate "2005.11.14"]
[SourceQuality "1"]

1. c4 e6 2. Nc3 d5 3. d4 Nf6 4. cxd5 exd5 5. Bg5 Be7 6. e3 O-O 7. Bd3 Re8 8.
Nge2 Nbd7 9. O-O Nf8 {By refraining from the customary move ...c6, Black
probably intends to meet the thematic f3 with ...c5 without loss of time.
However, the relative weakness of the d5-pawn allows White start queen side
operations at once, without the necessity of spending a tempo on Rab1.} 10. b4
$1 a6 {Relatively safest.} (10... Bxb4 11. Bxf6 gxf6 12. Nxd5 $1 Qxd5 13. Qa4 {
1-0 Bareev,E (2702)-Lputian,S (2598)/Montecatini Terme 2000/CBM 079/[Baburin] 
(46)}) 11. a4 {By occupying the a4-square with the pawn, White is actually
sacrificing the pawn for good. As we shall see, he would get reasonable
compensation in case of the acceptance of the present. And yet, it is
thought-provoking that such an aggressive player like Kasparov preferred an
apparently more modest continuation in the two occasions he reached this
position. The answer to this puzzle is that Black has a relatively safe way to
meet the traditional minority's attack.} (11. a3 $5 {White's philosophy is
simple and brilliant at the same time: He has reached a favourable queen side
structure: the move ...a6 indirectly weakens the c5-square. At the same time,
the well defended (now) b4-pawn safely prevents the thematic break ...c5,
which makes the central expansion based on f3 and e4 look like a sound plan
again.} c6 12. Qc2 (12. f3 Nh5 13. Bxe7 Rxe7 14. Qd2 f5 15. Rae1 Nf6 16. Nc1
Bd7 17. Bb1 Qc7 18. Nd3 Ng6 19. f4 Ne4 20. Qc1 Rf8 21. Nxd5 {1-0 Kasparov,G 
(2825)-Serper,G (2540)/Internet ICC 1998/EXT 2003}) 12... g6 13. f3 Ne6 14. Bh4
Nh5 15. Bxe7 Rxe7 16. Qd2 b6 $2 17. Rad1 Bb7 18. Bb1 Nhg7 19. e4 Rc8 20. Ba2
Rd7 21. Nf4 {1-0 Kasparov,G (2805)-Short,N (2655)/London 1993/CBM 036/[Ftacnik]
(39)}) 11... Ne6 {Probably best.} ({I do not believe that Kasparov refrained
from 11.a4 because of the position arising after} 11... Bxb4 12. Bxf6 gxf6 13.
Qb3 Bxc3 14. Nxc3 c6 15. a5 $44 {White certainly has the kind of compensation
he would be glad to get. In spite of his extra-pawn, Black has a bad structure
on both wings.} Re7 (15... Rb8 $2 16. Bxa6 Ra8 17. Bxb7 Bxb7 18. Qxb7 $16) (
15... Ne6 $5) (15... Qd6 {1-0 Bareev,E (2660)-Graf,A (2580)/Luzern 1993/CBM
038/[Bareev] (40)}) 16. Na4 Ne6 17. Qc2 Ng5 18. Nc5 Re8 19. f4 Ne4 20. Bxe4
dxe4 21. f5 Kh8 22. Rf4 $16 {1-0 Gual Pascual,A (2430)-Ziatdinov,R (2475)/
Barcelona 1996/EXT 2001 (36)}) 12. Bxf6 {Giving up the pair of bishops at this
stage looks like a small concession. More about it later.} ({Possibly,} 12. Bh4
{is more consistent. In case of} g5 $5 (12... Bxb4 $2 13. Bxf6 gxf6 14. Bxh7+
$1 $16) 13. Bg3 Bxb4 {the weakness of the enemy king's position offers White
ample compensation.}) 12... Bxf6 13. Qc2 ({A similar scenario was seen, up to
a certain point, in the following game:} 13. b5 a5 14. Rc1 g6 15. Na2 Bd7 16.
Rc2 Be7 17. Nec3 c6 18. Be2 Bd6 19. Nc1 Ng5 20. Nd3 Bf5 21. Bg4 Bxg4 22. Qxg4
h5 23. Qd1 Rc8 24. bxc6 bxc6 25. Ne2 h4 26. h3 Ne4 $13 {1-0 Chernin,A (2615)
-Klovans,J (2405)/Biel 1994/TD (40)}) 13... g6 14. b5 a5 $1 {The correct
reaction. Being deprived of the a4-square, White has problems occupying the
c5-square under favourable circumstances. At the same time, Black gets some
reliable control of the queen side dark squares, as a consequence of the
exchange on f6.} 15. Rfd1 c6 16. Rab1 Qd6 17. bxc6 bxc6 18. Rb6 Bd7 19. Rdb1
Qf8 {[%cal Yf6e7,Ye7b4]} 20. Rb7 Bc8 21. R7b6 Bd7 22. Rb7 Bc8 23. R7b6 Bd7 {
Of course, there is plenty of play left in this position, but Black can look
with optimism into the future.} 1/2-1/2